| 000 | 00378nam a2200109Ia 4500 | ||
|---|---|---|---|
| 008 | 200302s9999 xx 000 0 und d | ||
| 100 | _aNelson Nemerow and Others | ||
| 245 | _aEnvironmental Engineering, 6th ed Environmental Health and Safety for Municipal Infrastructure, Land Use and Planning and Industry | ||
| 260 | _bJohn- Wiley & Sons, Inc., | ||
| 260 | _c2009 | ||
| 300 | _a556 | ||
| 999 |
_c3765 _d3765 |
||